A$AP Rocky Songs - Statistics

General Stats
  • This quiz has been taken 376 times
    374 since last reset
  • The average score is 25 of 64
Answer Stats
Answer % Correct
Peso
81%
Demons
69%
Praise the Lord
69%
LVL
68%
Sandman
67%
Everyday
63%
Jukebox Joints
61%
L$D
61%
Long Live A$AP
61%
1Train
60%
Purple Swag
60%
Palace
55%
Fashion Killa
54%
Holy Ghost
52%
Wassup
52%
Houston Old Head
49%
F*ckin Problems
48%
Fine Whine
48%
Goldie
48%
Phoenix
48%
Leaf
47%
M$
46%
PMW
46%
Canal St.
44%
Bass
43%
Trilla
42%
Angels
41%
Purity
40%
Lord Pretty Flacko Jodye 2
39%
Brand New Guy
37%
Excuse Me
37%
Hell
37%
Electric Body
36%
Wild For the Night
36%
Pharsyde
35%
A$AP Forever Remix
34%
Distorted Records
34%
Jodye
34%
Keep it G
34%
JD
33%
Ghetto Symphony
32%
Roll One Up
32%
Suddenly
32%
Fukk Sleep
31%
Changes
29%
Hun43rd
29%
Acid Drip
27%
Pain
27%
Get Lit
26%
Buck Shots
25%
Kids Turned Out Fine
25%
Wavybone
25%
Back Home
24%
I Come Apart
23%
Tony Tone
23%
Max B
22%
Better Things
21%
Dreams
21%
Black Tux, White Collar
20%
CALLDROPS
20%
West Side Highway
20%
OG Beeper
19%
Brotha Man
16%
Gunz N Butter
16%
No matching quizzes found
Score Distribution
Percent of People with Each Score
Percentile by Number Answered
Your Score History
You have not taken this quiz since the last reset